00723nam a2200229Ia 450000500170000000800410001702000180005804100080007608200150008410000220009924500340012126000420015530000090019744000060020650000290021265000360024170000220027790600070029994200070030699900170031395201630033020251121181823.0230125s9999 xx 000 0 und d a9788184954425 aeng a158.1bSAD aSadhguru.9215359 aLife And Death In One Breath. c2017bJaico Publishing House.aMumbai a180p v1 aPersonality Development; aPersonality Development9213420 aSadhguru.9215359 b29 cBK c95463d95463 00104070aHIMRbHIMRd2018-03-07ePritam Book Centreg250.00i10542l0o158.1 SAD B15939pHIMR-BK-15939r2023-01-25 00:00:00v221.00w2018-02-26yBKzB15939